000 00399nam a2200157 i 4500
001 bg
245 0 _aFizika plazmy i problemy upravljaemogo termojadernogo sinteza :
_bVyp. 3.
250 _aVyp. 3.
260 _aKiev :
_b"Naukova Dumka",
_c1972.
300 _as. 226 :
_bilustr.
040 _cBPK
041 _apol
080 _a533.9
942 _cKS
008 s pl f |000 0 pol
999 _c14734
_d14734
856 _uhttp://koha.tu.koszalin.pl/cgi-bin/koha/opac-detail.pl?biblionumber=14734
_yKatalog online BPK